000
00252nam a2200109Ia 4500
008
190914s9999||||xx |||||||||||||| ||und||
100
_a
Gomez-Mejia
245
0
_a
Managing Human Resources
260
_a
India
_b
Oxford
_c
2009
300
_a
24
942
_c
BK
999
_c
10079
_d
10079